000 00319 a2200157 4500
001 56945
020 _a8532519911
040 _cAnchieta - Pituba
100 _aNunes, Soraya
240 1 0 _aCasa da lua
_lpor
245 1 0 _aCasa da lua
300 _a95
362 0 _a2006
650 4 _aLiteratura juvenil
942 _cBK
999 _c56945
_d56945